| 000 | 005480000a22001810004500 | ||
|---|---|---|---|
| 003 | MACL | ||
| 005 | 20160402135508.0 | ||
| 008 | 160402b xxu||||| |||| 00| 0 eng d | ||
| 040 |
_aMACL _cMACL |
||
| 041 | _aHindi | ||
| 082 | _a400 | ||
| 100 |
_aडॉ माणिक मृगेश _947779 |
||
| 245 | _aभूमंडलीकरण निजीकरण व हिन्दी | ||
| 260 |
_aदिल्ली _bफ्रीडम बुक्स _c2010 |
||
| 350 | _a225 | ||
| 650 |
_aLanguage _950064 |
||
| 942 |
_cHIN _k400 _2ddc |
||
| 999 |
_c48250 _d48250 |
||